banner koha

A hora do algodão (Registro n. 330052)

MARC details
000 -LÍDER
fixed length control field 00731nab a2200229 4500
003 - CÓDIGO MARC DA AGÊNCIA CATALOGADORA
Campo de controle BR-BrBNA
005 - DATA E HORA DA ÚLTIMA ATUALIZAÇÃO
Campo de controle 20250219164406.0
008 - CAMPO DE TAMANHO FIXO
fixed length control field 250219b bl.||||| |||| 00| 0 por d
040 ## - FONTE DA CATALOGAÇÃO
Agência catalogadora BR-BrBNA
Idioma da catalogação por
072 ## - CATEGORIA AGRIS
Código AGRIS F01 ; E70
Código do objeto 0430
100 ## - ENTRADA PRINCIPAL - NOME PESSOAL
Nome pessoal Stefano, Fabiane
245 ## - TÍTULO PRINCIPAL
Título principal A hora do algodão
Subtítulo Agroeconomia
500 ## - NOTA GERAL
Nota geral 3 illus.
942 ## - ADDED ENTRY ELEMENTS (KOHA)
Koha item type Analítica
650 ## - ASSUNTO - THESAGRO
Cabeçalho tópico ou nome geográfico ALGODÃO
650 ## - ASSUNTO - THESAGRO
Cabeçalho tópico ou nome geográfico PRODUÇÃO
650 ## - ASSUNTO - THESAGRO
Cabeçalho tópico ou nome geográfico COMERCIALIZAÇÃO
650 ## - ASSUNTO - THESAGRO
Cabeçalho tópico ou nome geográfico BOLSA DE MERCADORIAS
650 ## - ASSUNTO - THESAGRO
Cabeçalho tópico ou nome geográfico COTAÇÃO
773 0# - ENTRADA ANALÍTICA
Host Biblionumber 1706
Registro do item 347819
Imprenta São Paulo-SP Editora Três Ltda - E-mail: luizfsa@revistadinheiro.com.br 2004
Outro identificador 2025-0321
Título Dinheiro Rural (Brazil)
ISSN 1807-3700
Colação v. 2(6) p. 30-32; (Apr 2005)
Número de controle de registro BR2024004766

Nenhum exemplar disponível.

BINAGRI

Telefone: (61)3218-2567/2388/3357/2097 - binagri@agro.gov.br

Ministério da Agricultura e Pecuária , Esplanada dos Ministérios, Bloco D, Anexo B, Brasília/DF, CEP: 70.043-900